000 00690nam a2200193 a 4500
001 000023935
005 20240229073833.0
008 110117s2010 dr a 000 0 spa d
020 _a9789945460582
040 _aDO-SdBNP
_bspa
_cBNPHU
082 _axxx
_bC352c
100 1 _aCastillo Villalón, Lady Diana
_d1981-
_949240
245 1 3 _aEl ciempiés fuma arcoíris en pipa y otras verdades /
_cLady Diana Castillo Villalón ; prólogo Mateo Morrison.
260 _aSanto Domingo :
_bSantuario,
_c2010.
300 _a129 p. :
_bil. ;
_c23 cm.
500 _aIncluye datos biográficos del autor en la solapa de la cubierta
700 1 _aMorrison, Mateo,
_d1947-
_epról.
_91469
049 _aBNPD
999 _c23431
_d23431